000 00369nam a22001457a 4500
003 OSt
005 20160727222347.0
008 160621b xxu||||| |||| 00| 0 eng d
040 _cTEST
100 _9286
245 _aStudies In anthropological Linguistics
260 _aP
_b Punjabi University
_c1981
300 _aStudies In anthropological Linguistics
942 _2ddc
_cBK
999 _c233
_d233